|
|
|
|
| LEADER |
00000nam0a2200000 4500 |
| 001 |
248036 |
| 005 |
20231101232342.0 |
| 035 |
|
|
|a (RuTPU)RU\TPU\book\269695
|
| 090 |
|
|
|a 248036
|
| 100 |
|
|
|a 20140117d1988 k y0rusy50 ca
|
| 101 |
0 |
|
|a rus
|
| 102 |
|
|
|a RU
|
| 105 |
|
|
|a a z 001zy
|
| 200 |
1 |
|
|a Технология, механизация и метрологическое обеспечение работ нулевого цикла
|e сборник научных трудов
|f Уфимский научно-исследовательский и конструкторский институт промышленного строительства (Уфимский НИИпромстрой) ; под ред. Г. С. Колесника
|
| 210 |
|
|
|a Уфа
|c Изд-во Уфимского НИИпромстроя
|d 1988
|
| 215 |
|
|
|a 90 с.
|c ил.
|
| 320 |
|
|
|a Библиогр. в конце ст.
|
| 606 |
1 |
|
|a Фундаменты
|x Устройство
|2 stltpush
|3 (RuTPU)RU\TPU\subj\17006
|9 42864
|
| 610 |
1 |
|
|a метрологическое обеспечение
|
| 610 |
1 |
|
|a технология
|
| 610 |
1 |
|
|a механизация
|
| 610 |
1 |
|
|a грунт
|
| 610 |
1 |
|
|a зондирование
|
| 675 |
|
|
|a 624.15
|v 3
|
| 702 |
|
1 |
|a Колесник
|b Г. С.
|4 340
|
| 712 |
0 |
2 |
|a Уфимский научно-исследовательский и конструкторский институт промышленного строительства (Уфимский НИИпромстрой)
|2 stltpush
|3 (RuTPU)RU\TPU\col\19214
|
| 801 |
|
1 |
|a RU
|b 63413507
|c 20140117
|
| 801 |
|
2 |
|a RU
|b 63413507
|c 20140121
|g RCR
|
| 942 |
|
|
|c BK
|